LEADER 01293nam0 22002891i 450 001 UON00282885 005 20231205103844.548 010 $a96-08-90040-9 100 $a20061027d2005 |0itac50 ba 101 $agre 102 $aGR 105 $a|||| ||||| 200 1 $aˆE ‰Anatolike Krete sten proime epoche tou siderou$fMetaxia Tsipopolou Epimeleia A. Karetsou. Erakleio$eYuppo, Archaiologiko institouto kretologikon spoudon, 2005 210 $a581 p.$cill. ; 29 cm 316 $aacquisto diretto Santaniello su Dott.arch.$5IT-UONSI O 3045 606 $aCRETA$xStoria antica$3UONC053446$2FI 620 $dEraclio$3UONL004008 676 $a939.18$cCIVILTA' CRETESE E MICENEA$v21 700 1$aTSIPOPOULOU$bMetaxia$3UONV059211$0184525 702 1$aKARESTOU$bAlexandra$3UONV163733 712 $aArchaiologiko institouto kretologikon spoudon$3UONV272422$4650 801 $aIT$bSOL$c20240220$gRICA 899 $aSIBA - SISTEMA BIBLIOTECARIO DI ATENEO$2UONSI 912 $aUON00282885 950 $aSIBA - SISTEMA BIBLIOTECARIO DI ATENEO$dSI O 3 045 $eSI MC 30480 5 acquisto diretto Santaniello su Dott.arch. 996 $aAnatolike Krete sten proime epoche tou siderou$91244786 997 $aUNIOR LEADER 01456nam2 22003131i 450 001 UON00440614 005 20231205104948.116 010 $a38-7118-222-2 100 $a20140606d1976 |0itac50 ba 101 $ager$aLAT 102 $aDE 105 $a|||| 1|||| 200 1 $aAnführung zu der Esthnischen Sprach$fHeinrich Stahl. Observationes Grammaticae circa linguam Esthonicam$fJohann Gutslaff$gKommentiert und hrsgb. von Harald Haarman 210 $aHamburg$cHelmut Buske Verlag$d1976 215 $a[paginazione varia]$d17 cm. 410 1$1001UON00440613$12001 $aFenno-ugrica$fHrsgb. H. Haarmann, A. L. Värri Haarmann$1210 $aHamburg$cBuske$v2 461 1$1001UON00438976$12001 $aˆDie ‰Estnischen Grammatiken des 17. Jahrhunderts$1210 $aHamburg$cHelmut Buske Verlag$1215 $av.$d17 cm.$v1 606 $aLingua estone$xGrammatica$3UONC038992$2FI 620 $aDE$dHamburg$3UONL003222 676 $a494.545$cLINGUA ESTONE$v22 700 1$aSTAHL$bHeinrich$3UONV221582$0636602 701 1$aGUTSLAFF$bJohann$3UONV221583$0636603 712 $aBuske$3UONV248672$4650 801 $aIT$bSOL$c20250613$gRICA 899 $aSIBA - SISTEMA BIBLIOTECARIO DI ATENEO$2UONSI 912 $aUON00440614 950 $aSIBA - SISTEMA BIBLIOTECARIO DI ATENEO$dSI FIU A 0562/1 $eSI EO 334 7 0562/1 996 $aAnführung zu der Esthnischen Sprach$91186924 997 $aUNIOR